000 00535nam a2200193Ia 4500
005 20250508164353.0
008 008 250505s9999 xx 000 0 hin d
037 _aTextual
040 _aFEDL
_beng
_cFEDL
041 _ahin
_2eng
084 _a894.433, UDA
_qFEDL
100 _aUdai Prakash
245 0 _aPaul gomra ka scootar
260 _aNew Delhi, India
_bVani Prakashan
_c2006
300 _a159p
650 _aHindi literature-Stories
_9777966
942 _cTEXL
_h894.433, UDA
999 _c1388797
_d1388797